Most Guessed Most Guessed Most Guessed Most Guessed Countries - Statistics

General Stats
  • This quiz has been taken 113 times
  • The average score is 3 of 3
Answer Stats
COTW MGCJ MGCMGC MGMGMGC Countries % Correct
95% 99% 96% 91% Canada
99%
97% 100% 100% 100% United States
99%
96% 98% 98% 96% China
98%
No matching quizzes found
Score Distribution
Percent of People with Each Score
Percentile by Number Answered
Your Score History
You have not taken this quiz